Statystyki dla poznawanie kogoś - j. włoski

Kliknij tutaj aby rozwiązać quiz!

Ogólne statystyki

  • Ten quiz został rozwiązany 32 razy
  • Średni wynik to 9 z 19

Statystyki odpowiedzi

Po polskuPo włosku% Poprawnych
cześćciao
96%
dzień dobrybuon giorno
88%
a ty?e tu?
75%
dobranocbuona notte
71%
dobry wieczórbuona sera
71%
dobrze, dziękujębene, grazie
67%
mam na imięmi chiamo
67%
do widzeniaarrivederci
63%
jak się masz?come stai?
63%
jak masz na imię?come ti chiami?
50%
skąd pochodzisz?di dove sei?
46%
do jutraa domani
42%
miłego dniabuona giornata
38%
dzień dobry(po południu)buon pomeriggio
29%
do zobaczeniaa dopo
21%
gdzie mieszkasz?dove vivi?
17%
miło cię poznaćpiacere di conoscerti
8%
miło cię widziećfelice di vederti
4%
przepraszam, nie dosłyszałemscusa, non ti ho sentito
4%

Rozkład punktacji

Percentyl według liczby udzielonych odpowiedzi

Procent ludzi z każdym wynikiem

Twoja historia wyników

Nie rozwiązałeś tego quizu